Statistics for Top 10 Most Popular Pets in the USA in order

Click here to take the quiz!

General Stats

  • This quiz has been taken 88 times
  • The average score is 5 of 10

Answer Stats

HintAnswer% Correct
2Cat
100%
1Dog
100%
3Hamster
68%
4Fish
62%
6Guinea Pig
37%
7Bird
36%
8Snake
36%
5Mice
33%
10Ferret
16%
9Iguana
9%

Score Distribution

Percentile by Number Answered

Percent of People with Each Score

Your Score History

You have not taken this quiz